UBT Library

Media Composer 6: Part 2- Effects Essentials (Record no. 41163)

000 -LEADER
fixed length control field 00294nam a22001217a 4500
008 - FIXED-LENGTH DATA ELEMENTS--GENERAL INFORMATION
fixed length control field 180129b xxu||||| ||082039588889| 00| 0 eng d
041 ## - LANGUAGE CODE
Language code of text/sound track or separate title eng
080 ## - UNIVERSAL DECIMAL CLASSIFICATION NUMBER
Universal Decimal Classification number 070
100 ## - Rafti
Rafti 40
101 ## - Shkurtesa
Shkurtesa MED
245 ## - TITLE STATEMENT
Title Media Composer 6: Part 2- Effects Essentials
Statement of responsibility, etc Staten, G
942 ## - ADDED ENTRY ELEMENTS (KOHA)
Source of classification or shelving scheme
Item type Books
Holdings
Withdrawn status Lost status Source of classification or shelving scheme Damaged status Not for loan Collection code Permanent location Current location Shelving location Date acquired Total Checkouts Full call number Barcode Date last seen Price effective from Koha item type
          Koleksioni i përgjithshem UBT - Lipjan UBT - Lipjan Koleksioni i përgjithshem 01/29/2018   070 STA 002-2996842 01/29/2018 01/29/2018 Books
          Koleksioni i përgjithshem UBT - Lipjan UBT - Lipjan Koleksioni i përgjithshem 01/29/2018   070 STA 002-2996840 01/29/2018 01/29/2018 Books
          Koleksioni i përgjithshem UBT - Lipjan UBT - Lipjan Koleksioni i përgjithshem 01/29/2018   070 STA 002-2996845 01/29/2018 01/29/2018 Books
          Koleksioni i përgjithshem UBT - Lipjan UBT - Lipjan Koleksioni i përgjithshem 01/29/2018   070 STA 002-2996847 01/29/2018 01/29/2018 Books
          Koleksioni i përgjithshem UBT - Lipjan UBT - Lipjan Koleksioni i përgjithshem 01/29/2018   070 STA 002-2996850 01/29/2018 01/29/2018 Books
          Koleksioni i përgjithshem UBT - Lipjan UBT - Lipjan Koleksioni i përgjithshem 01/29/2018   070 STA 002-2996852 01/29/2018 01/29/2018 Books
UBT Library © 2015-2024. All rights reserved University Education for Business and Technology